logo

Bir Sreshtho Munshi Abdur Rouf Library
Jhenaidah Cadet College

Fundamentals of horticulture / (Record no. 6219)

MARC details
000 -LEADER
fixed length control field 00772cam a22002531 4500
001 - CONTROL NUMBER
JCCL Control Number 6219
003 - CONTROL NUMBER IDENTIFIER
JCCL marc code BD-JhCC
005 - DATE AND TIME OF LATEST TRANSACTION
control field 20180117104229.0
008 - FIXED-LENGTH DATA ELEMENTS--GENERAL INFORMATION
fixed length control field 730529s1964 xx 000 0 eng
035 ## - SYSTEM CONTROL NUMBER
system control number (BD-JhCC)6219
035 ## - SYSTEM CONTROL NUMBER
system control number (OCoLC)631191
040 ## - CATALOGING SOURCE
Original cataloging agency DLC
Transcribing agency OFiC
Modifying agency Uk
-- DLC
-- BD-JhCC
041 ## - LANGUAGE CODE
Language code of Book eng
050 00 - LIBRARY OF CONGRESS CALL NUMBER
Classification number SB91
Item number .E3 1964
082 ## - DEWEY DECIMAL CLASSIFICATION NUMBER
Classification number 635
Author mark and Year EDM 1964
100 1# - MAIN ENTRY--PERSONAL NAME
Personal name Edmond, J. B.
Fuller form of name (Joseph Bailey),
Dates associated with a name 1964
245 10 - TITLE STATEMENT
Title Fundamentals of horticulture /
Remainder of title a textbook designed for courses in basic or general horticulture,
Statement of responsibility, etc [by] J. B. Edmond, T. L. Senn [and] F. S. Andrews.
250 ## - EDITION STATEMENT
Edition statement 3d ed.
260 ## - PUBLICATION, DISTRIBUTION, ETC. (IMPRINT)
Place of publication, distribution, etc New York,
Name of publisher, distributor, etc McGraw-Hill
Date of publication, distribution, etc 1964.
300 ## - PHYSICAL DESCRIPTION
Pagination xiv, 476 p.
Other physical details illus., maps.
Dimensions 24 cm.
650 #0 - SUBJECT ADDED ENTRY--TOPICAL TERM
Topical term or geographic name as entry element Horticulture
942 ## - ADDED ENTRY ELEMENTS (KOHA)
Source of classification or shelving scheme Dewey Decimal Classification
Koha item type Books
Holdings
Source of classification or shelving scheme Damaged status Not for loan Home library Current library Shelving location Total Checkouts Full call number Barcode Date last seen Copy number Koha item type
Dewey Decimal Classification     JCC Rouf Library JCC Rouf Library General Stacks   635 EDM 1964 7898 01/17/2018 C - 1 Books

JCC Library | Contacts | JCC Home

Last Update on 23 September 2017
Copyright @ 2017-2020 JCC Rouf Library
Rouf Library, Jhenidah Cadet College (JCC), Bangladesh